| 000 | 00415nam a2200145 i 4500 | ||
|---|---|---|---|
| 001 | 35155 | ||
| 003 | ES-MaACL | ||
| 007 | t| | ||
| 008 | 030212s1925 sp ||||1| spa d | ||
| 100 | 1 |
_aBotey, Ricardo. _930773 |
|
| 245 | 1 | 0 |
_aTratado de otorrinolaringologĂa para mĂ©dicos y estudiantes / _cRicardo Botey. |
| 260 |
_aBarcelona : _bSalvat, _c1925. |
||
| 300 |
_aVIII, 729 p. ; _c26 cm. |
||
| 852 |
_aES-MaACL _jE-996 |
||
| 999 |
_c35155 _d35155 |
||